U.S. States with most Muslims - Statistics

General Stats
  • This quiz has been taken 20 times
  • The average score is 8 of 10
Answer Stats
Answer Population per 1000 People % Correct
California 12.75
100%
New York 35.86
100%
Michigan 24.00
94%
New Jersey 34.63
89%
Illinois 36.98
83%
Maryland 30.58
78%
Massachusetts 18.74
78%
Virginia 19.62
78%
Minnesota 20.08
67%
Arizona 15.35
50%
No matching quizzes found
Score Distribution
Percent of People with Each Score
Percentile by Number Answered
Your Score History
You have not taken this quiz